Statistics for Guess 25 Leicester City footballers by image

Click here to take the quiz!

General Stats

  • This quiz has been taken 74 times
  • The average score is 16 of 25

Answer Stats

Answer% Correct
Harry Maguire
98%
Jamie Vardy
98%
N'Golo Kanté
98%
Riyad Mahrez
92%
James Maddison
90%
Kasper Schmeichel
88%
Youri Tielemans
88%
Harry Kane
80%
Wes Morgan
70%
Wilfred Ndidi
70%
Çağlar Söyüncü
68%
Gary Lineker
68%
Ben Chilwell
65%
Ricardo Pereira
63%
Danny Drinkwater
62%
Kelechi Iheanacho
62%
Shinji Okazaki
57%
Esteban Cambiasso
52%
Islam Slimani
52%
Marc Albrighton
50%
Gordon Banks
45%
Andrej Kramaric
35%
Andy King
33%
Gokhan Inler
30%
Peter Shilton
22%

Score Distribution

Percentile by Number Answered

Percent of People with Each Score

Your Score History

You have not taken this quiz